000 00328nam a22001457a 4500
003 SGT
020 _a978-0-12-384864-2
082 _a610
_bS12R
100 _aRIFFENBURGH, ROBERT H.
245 _aSTATISTICS IN MEDICINE
250 _a3RD
260 _aAMSTERDAM U.K.
_bACADEMIC PRESS
_c2012
300 _a690
942 _2ddc
_cBK
999 _c16950
_d16950